[Event "Aarhus-C"]
[Site "Aarhus"]
[Date "1993.??.??"]
[Round "4"]
[White "Pedersen, Daniel Vesterbaek"]
[Black "Sogaard, Soren"]
[Result "0-1"]
[WhiteElo "2085"]
[BlackElo "2290"]

1.e4 g6 2.d4 Bg7 3.Nc3 d6 4.Be3 a6 5.Qd2 b5 6.f3 Nd7 7.Nh3 c5 8.Nf2 cxd4
9.Bxd4 Ngf6 10.Be2 Bb7 11.g4 e5 12.Be3 b4 13.Na4 Qa5 14.b3 d5 15.g5 Nh5 16.exd5 O-O
17.Rd1 Nf4 18.O-O Nxd5 19.Bc4 Nxe3 20.Qxe3 Bc6 21.Nb2 e4 22.Na4 exf3 23.Rd6 Qc7
24.Rfd1 Be5 25.Rxc6 Bxh2+  0-1

[Event "Aarhus-C"]
[Site "Aarhus"]
[Date "1993.??.??"]
[Round "7"]
[White "Jensen, Vagn"]
[Black "Sogaard, Soren"]
[Result "1-0"]
[WhiteElo "2245"]
[BlackElo "2290"]

1.e4 g6 2.d4 Bg7 3.Nc3 d6 4.Nf3 a6 5.Be2 b5 6.O-O Nd7 7.e5 dxe5 8.dxe5 Nxe5
9.Qxd8+ Kxd8 10.Bf4 Nd7 11.Rad1 Bh6 12.Bxh6 Nxh6 13.Ne5 Ke8 14.Bf3 Nxe5 15.Bxa8 e6
16.Rfe1 f6 17.f4 Nc4 18.b3 Nb6 19.Bc6+ Ke7 20.Ne4 Nf5 21.Nc5 Nd6 22.Rd2 Nf7
23.Bb7 e5 24.Bxa6 c6 25.Bxc8 Rxc8 26.a4 bxa4 27.bxa4 Ra8 28.Rb1 Ra5 29.Rxb6 Rxc5
30.fxe5 Nxe5 31.Rb7+ Ke6 32.Rxh7 Ra5 33.Rh4 c5 34.Re2 g5 35.Rhe4 Kf5 36.h3 c4
37.g4+ Kg6 38.Kf2 Rxa4 39.Rxe5 fxe5 40.Rxe5 Ra2 41.Re2 Kf6 42.Kf3 Ra3+ 43.Re3 Rxe3+
44.Kxe3 Ke5 45.Kf3 Kd4 46.h4 gxh4 47.g5 h3 48.g6 h2 49.Kg2 Kc3 50.g7 Kxc2
51.g8=Q c3 52.Qc4 Kd2 53.Qd4+ Kc2 54.Kxh2 Kb3 55.Qd1+ Kb2 56.Qd4  1-0

[Event "DEN-chJ"]
[Site "Aarhus"]
[Date "1993.??.??"]
[Round "9"]
[White "Lindfeldt, Jan Magnus"]
[Black "Andersen, Jackie"]
[Result "1-0"]
[WhiteElo "2110"]
[BlackElo "2150"]

1.d4 g6 2.e4 Bg7 3.Nc3 d6 4.Be3 Nd7 5.Qd2 c6 6.Nf3 b5 7.a3 a6 8.Bd3 c5 9.O-O Bb7
10.Rfe1 cxd4 11.Bxd4 Bxd4 12.Nxd4 Ngf6 13.Qh6 Qb6 14.Qe3 Ng4 15.Qg3 Qxd4
16.Qxg4 Ne5 17.Qg3 O-O 18.Rad1 Qc5 19.Nd5 Bxd5 20.exd5 Rfc8 21.c3 Rab8 22.Qh4 Rc7
23.Bf1 a5 24.Rd4 Rbb7 25.Kh1 Nc4 26.b4 axb4 27.axb4 Qa7 28.Bxc4 Rxc4 29.Rxc4 bxc4
30.Qxc4 Rc7 31.Qd4 Qxd4 32.cxd4 Rc4 33.Rb1 Rxd4 34.b5 Rc4 35.b6 Rc8 36.Kg1 Kg7
37.Kf1 Kf6 38.f4 Kf5 39.Rb4 e6 40.Ke2 exd5 41.Kd3 Rb8 42.b7 Ke6 43.Kd4 h6
44.g4 Kd7 45.Kxd5 Kc7 46.f5 gxf5 47.gxf5 h5 48.h4 Kd7 49.f6 Kc7 50.Rb1 Kd7
51.Re1  1-0

[Event "Alcobendas op"]
[Site "Alcobendas"]
[Date "1993.??.??"]
[Round "1"]
[White "Del Rio de Angeles, Gabriel"]
[Black "Bermejo Collado, Julian"]
[Result "1-0"]
[WhiteElo "2255"]
[BlackElo "2310"]

1.e4 d6 2.d4 g6 3.Nc3 Bg7 4.Nf3 Nf6 5.Be2 O-O 6.O-O c6 7.Bg5 d5 8.exd5 cxd5
9.Ne5 Nc6 10.Bf3 Be6 11.Re1 Rc8 12.Qd2 Ne8 13.Rad1 Nc7 14.Nxc6 bxc6 15.Na4 Re8
16.Nc5 Rb8 17.b3 Bf5 18.Bf4 Rb6 19.Na4 Rb8 20.Qc3 Rc8 21.Be5 Nb5 22.Qb2 f6
23.Bg3 Nd6 24.c4 Ne4 25.Bxe4 Bxe4 26.Nc5 Bf5 27.Qa3 e5 28.Nb7 Bf8 29.Qxf8+ Kxf8
30.Nxd8 Rcxd8 31.dxe5 fxe5 32.cxd5 Rxd5 33.Rxd5 cxd5 34.Bxe5 Kf7 35.Re3 Rc8
36.Rc3 Rxc3 37.Bxc3 a6 38.f3 Bb1 39.a3 Bc2 40.b4 h5 41.Kf2 Ke6 42.Ke3 Bb3
43.Kf4 Bd1 44.Kg5 Kf7 45.Bd4 Be2 46.a4 Bd3 47.g4 hxg4 48.fxg4 Ke6 49.h4 Kf7
50.h5 gxh5 51.gxh5 Bc4 52.h6 Bd3 53.b5 axb5 54.axb5 Kg8 55.b6 Ba6 56.Kf6 Kh7
57.Be3 d4 58.Bd2  1-0

[Event "Alcobendas op"]
[Site "Alcobendas"]
[Date "1993.??.??"]
[Round "5"]
[White "Reyes Larenas, Juan"]
[Black "Bermejo Collado, Julian"]
[Result "1/2-1/2"]
[WhiteElo "2450"]
[BlackElo "2310"]

1.e4 d6 2.d4 g6 3.Nc3 Bg7 4.Be3 a6 5.Qd2 Nd7 6.f3 b5 7.a4 b4 8.Nd1 Rb8 9.Bc4 e6
10.Ne2 c6 11.Bd3 Ngf6 12.O-O O-O 13.Nf2 c5 14.c3 bxc3 15.bxc3 Bb7 16.a5 Qc7
17.Qa2 Rfc8 18.Rfc1 Qc6 19.Ng3 Ne8 20.Bc2 Qc7 21.Bd3 Qc6 22.Ne2 Ba8 23.Bc2 Qc7
24.Bd3 Qc6 25.Bc2  1/2-1/2

[Event "AUT-chT"]
[Site "?"]
[Date "1993.??.??"]
[Round "?"]
[White "Schumi, Manfred"]
[Black "Schlosser, Michael"]
[Result "0-1"]
[WhiteElo "2240"]
[BlackElo "2385"]

1.e4 g6 2.d4 Bg7 3.Nc3 d6 4.Be3 Nf6 5.Qd2 c6 6.f3 b5 7.g4 h5 8.g5 Nfd7 9.f4 Nb6
10.Nf3 Bg4 11.Nh4 Qc8 12.h3 Bd7 13.Bd3 c5 14.e5 cxd4 15.Bxd4 Nc4 16.Bxc4 Qxc4
17.b3 Qe6 18.O-O-O dxe5 19.Bxe5 Bxe5 20.fxe5 O-O 21.Nf3 Bc6 22.Nd4 Qxe5 23.Rhe1 Qc5
24.Kb1 a6 25.Qe3 Ra7 26.Ne4 Bxe4 27.Qxe4 Rc8 28.Rd2 Rd7 29.h4 Qb6 30.Rde2 Qxd4  0-1

[Event "AUT-chT2S 9293"]
[Site "AUT"]
[Date "1993.??.??"]
[Round "?"]
[White "Wallner, Walter"]
[Black "Pesek, Reinhard"]
[Result "0-1"]
[WhiteElo "2240"]
[BlackElo "2215"]

1.e4 g6 2.d4 Bg7 3.Nc3 d6 4.g3 Nf6 5.Bg2 O-O 6.Nge2 c6 7.O-O e5 8.d5 c5 9.h3 b6
10.Be3 Ba6 11.Qd2 Nbd7 12.f4 exf4 13.gxf4 Nh5 14.Rf3 Re8 15.Ng3 Ndf6 16.f5 Nxg3
17.Rxg3 Nh5 18.Rg4 Be5 19.Qf2 Ng7 20.Kh1 h5 21.fxg6 f5 22.Rh4 Rf8 23.Bh6 fxe4
24.Qe1 Nf5 25.Bxf8 Ng3+ 26.Kg1 Qxh4 27.Bh6 Re8 28.Be3 Bd4 29.Bxd4 cxd4 30.Qf2 Rf8
31.Qxd4 Qf4 32.Re1 Nf1 33.Bxf1 Qg3+ 34.Bg2 Qxe1+ 35.Kh2 Bf1 36.Nxe4 Qe2 37.Qg1 Qxc2
38.Kg3 h4+ 39.Kh2 Qxb2 40.Kh1 Bxg2+ 41.Qxg2 Qxg2+ 42.Kxg2 Rf5 43.Nxd6 Rxd5
44.Ne4 Kg7  0-1

[Event "Bad Ragaz op"]
[Site "?"]
[Date "1993.??.??"]
[Round "3"]
[White "Lurje, Pawel"]
[Black "Hickl, Joerg"]
[Result "1/2-1/2"]
[WhiteElo "2100"]
[BlackElo "2570"]

1.e4 g6 2.d4 d6 3.Nc3 Bg7 4.Be3 c6 5.Qd2 b5 6.Bd3 Nd7 7.Nf3 Bb7 8.a4 a6 9.Ne2 e5
10.c3 Ngf6 11.Bh6 O-O 12.Bxg7 Kxg7 13.Ng3 Ne8 14.O-O Nc7 15.axb5 cxb5 16.b4 Qe7
17.Qe3 Ne6 18.Ne2 Qf6 19.g3 h6 20.d5 Ng5 21.Nh4 Qd8 22.Kg2 Qb6 23.Qd2 Nf6
24.f3 Rac8 25.h3 Ra8 26.Kh2 Bc8 27.Ng1 Bd7 28.Ng2 a5 29.h4 Ngh7 30.Ne3 axb4
31.cxb4 Rxa1 32.Rxa1 Nh5 33.Ne2 N7f6 34.Ra5 Ne8 35.g4 Nhf6 36.Kg2 Nc7 37.Ng3 Ra8
38.Rxa8 Nxa8 39.Be2 Nc7 40.Qc3 Kf8 41.Nc2 Ng8 42.Qe3 Qa6 43.Qa3 Qb7 44.Qa5 Ne7
45.Ne3 Ke8 46.Bd3 Kd8 47.Kf2 Kc8 48.Ne2 Kb8 49.Nc3 Nc8 50.Nc2 g5  1/2-1/2

[Event "Badalona op"]
[Site "Badalona"]
[Date "1993.??.??"]
[Round "5"]
[White "Thiel, Thomas"]
[Black "Soloviov, Sergei"]
[Result "1-0"]
[WhiteElo "2265"]
[BlackElo "2420"]

1.e4 g6 2.d4 Bg7 3.Nc3 d6 4.Bc4 a6 5.a4 b6 6.Nf3 e6 7.O-O Bb7 8.Qe2 Nd7 9.Bf4 h6
10.Rad1 Ne7 11.Rfe1 O-O 12.h4 Nf6 13.Bb3 b5 14.axb5 axb5 15.Qxb5 Ba6 16.Qb4 Nh5
17.Be3 Nc6 18.Qa4 Bb7 19.Qb5 Na5 20.Ra1 Bc6 21.Qb4 Nxb3 22.Qxb3 Nf6 23.d5 Rb8
24.Qc4 Bd7 25.b3 Ng4 26.Ra7 Rc8 27.Nb5 c6 28.dxc6 Bxc6 29.Nc7 Nxe3 30.Qxc6 Ng4
31.Qb7 Ne5 32.Nxe6 Nxf3+ 33.gxf3 Qxh4 34.Nxf8 Rxf8 35.Ra8 Bd4 36.Re2 Qg3+
37.Kf1 Qxf3 38.Rd2 Qh1+ 39.Ke2 Qxe4+ 40.Qxe4  1-0

[Event "Baden-Baden op"]
[Site "Baden-Baden"]
[Date "1993.??.??"]
[Round "5"]
[White "Maahs, Erich"]
[Black "Krasenkow, Michal"]
[Result "0-1"]
[WhiteElo "2275"]
[BlackElo "2595"]

1.e4 g6 2.d4 Bg7 3.Nc3 d6 4.f4 e6 5.Nf3 Ne7 6.Bc4 O-O 7.O-O d5 8.Bb3 b6 9.exd5 exd5
10.Ne5 Be6 11.Be3 Nd7 12.Ne2 Nf6 13.Bf2 Ne4 14.Ng3 Nxg3 15.Bxg3 c5 16.c3 f6
17.Nf3 c4 18.Bc2 Bf5 19.Nh4 Be4 20.Qe2 f5 21.Nf3 Nc8 22.Bh4 Qc7 23.Ne5 Bxc2
24.Qxc2 Nd6 25.Qa4 Rfc8 26.Qd7 Qxd7 27.Nxd7 Ne4 28.Ne5 b5 29.a3 a5 30.Rfc1 Bxe5
31.dxe5 Kf7 32.Rd1 Ke6 33.Bf2 h6 34.g3 g5 35.Kg2 Rg8 36.Kf3 Rg6 37.Be3 g4+
38.Kg2 h5 39.Rh1 h4 40.Bf2 Rh6 41.Be1 h3+ 42.Kf1 Nc5 43.Rb1 Rh7 44.Ke2 Rd7
45.Bf2 Nd3 46.Rhd1 b4 47.Be1 Rb7 48.Bd2 bxa3 49.bxa3 Rab8 50.Ra1 a4 51.Ke3 Rb2
52.Rh1 R8b3 53.Rhd1 Nc5 54.Rh1 Ne4 55.Be1 Rc2 56.Kd4 Re2  0-1

[Event "Oberliga Baden9293"]
[Site "Baden"]
[Date "1993.??.??"]
[Round "?"]
[White "Werner, Clemens"]
[Black "Pape, Joerg2"]
[Result "1-0"]
[WhiteElo "2280"]
[BlackElo "2205"]

1.e4 g6 2.d4 Bg7 3.Nc3 d6 4.f4 Nc6 5.Be3 Nh6 6.Nf3 Bg4 7.d5 Nb4 8.a3 Na6
9.Qd2 Bd7 10.h3 f6 11.Nd4 Nf7 12.Ne6 Bxe6 13.dxe6 Nh6 14.f5 Ng8 15.g4 c6
16.h4 h5 17.gxh5 gxf5 18.Rg1 Bf8 19.Bxa6 bxa6 20.Qg2 Qa5 21.exf5 O-O-O 22.Qxc6+ Kb8
23.Rg4 Rc8 24.Qd7 Qc7 25.Rb4+ Ka8 26.Nd5  1-0

[Event "Balatonbereny op"]
[Site "Balatonbereny"]
[Date "1993.??.??"]
[Round "1"]
[White "Almasi, Zoltan"]
[Black "Szirmai, Eduard"]
[Result "1-0"]
[WhiteElo "2580"]
[BlackElo "2230"]

1.e4 g6 2.d4 Bg7 3.Nc3 d6 4.f4 Nc6 5.Be3 Nf6 6.Nf3 O-O 7.Qd2 Bg4 8.O-O-O Bxf3
9.gxf3 e5 10.dxe5 dxe5 11.Qf2 Qc8 12.fxe5 Nxe5 13.Bc5 Rd8 14.Rxd8+ Qxd8 15.Be2 Qe8
16.Rd1 b6 17.Be3 c6 18.Qg2 b5 19.f4 Ned7 20.Bf3 b4 21.Na4 Nb6 22.e5 Nfd5
23.Nxb6 axb6 24.Bxd5 cxd5 25.Qxd5  1-0

[Event "Balatonbereny op"]
[Site "Balatonbereny"]
[Date "1993.??.??"]
[Round "5"]
[White "Berebora, Ferenc"]
[Black "Szlabey, Geza"]
[Result "1-0"]
[WhiteElo "2425"]
[BlackElo "2220"]

1.d4 d6 2.e4 g6 3.Nc3 Bg7 4.f4 Nf6 5.Nf3 O-O 6.Bd3 c6 7.O-O Na6 8.h3 Nc7
9.a4 Bd7 10.Qe1 Nfe8 11.f5 e6 12.fxg6 fxg6 13.e5 Bc8 14.Bg5 Qd7 15.Qh4 dxe5
16.Nxe5 Rxf1+ 17.Rxf1 Bxe5 18.dxe5 Ng7 19.Qf2 Qe8 20.Ne4  1-0

[Event "Balatonbereny op"]
[Site "Balatonbereny"]
[Date "1993.??.??"]
[Round "7"]
[White "Juergens, Vera"]
[Black "Lakos, Nikoletta"]
[Result "1-0"]
[WhiteElo "2350"]
[BlackElo "2230"]

1.d4 g6 2.e4 Bg7 3.Nc3 d6 4.g3 Nf6 5.h3 O-O 6.Bg2 e5 7.Nge2 c6 8.a4 Re8 9.O-O Na6
10.Be3 Nc7 11.Qd2 exd4 12.Bxd4 Be6 13.f4 Bc4 14.Rfe1 d5 15.e5 Nd7 16.b3 Ba6
17.Rad1 Ne6 18.Bf2 f6 19.g4 Bxe2 20.Rxe2 fxe5 21.Nxd5 cxd5 22.Bxd5 Nf8 23.f5 gxf5
24.gxf5 Qf6 25.fxe6 Nxe6 26.Bg3 Qf5 27.Qd3 Qg5 28.Rg2 Kh8 29.Bxe6 Rxe6 30.Qd5 Re7
31.Qe4 Qh5 32.Rd3 Rae8 33.Bh4 Rf7 34.Bg5 Ref8 35.Kh2 b6 36.Rdg3 Rd7 37.Be3 Rdf7
38.Rg5 Qf3 39.Qxf3 Rxf3 40.Rxg7 Rxe3 41.Rxa7 e4 42.Re7 h6 43.Re6 Kh7 44.Rxb6 Re8
45.Rb7+ Kh8 46.a5 Re1 47.Rgg7 Re2+ 48.Kg1 Rxc2 49.Rh7+ Kg8 50.Rbg7+ Kf8 51.Rh8+ Kxg7
52.Rxe8 Rb2 53.a6 Ra2 54.Re6 Rb2 55.Rb6 e3 56.Kf1  1-0

[Event "Balkaniad (Men)"]
[Site "?"]
[Date "1993.??.??"]
[Round "5"]
[White "Kotronias, Vasilios"]
[Black "Arduman, Can"]
[Result "1-0"]
[WhiteElo "2590"]
[BlackElo "2355"]

1.e4 g6 2.d4 Bg7 3.Nc3 d6 4.Be3 c6 5.f3 Qb6 6.a3 e5 7.Nge2 Nd7 8.Qd2 Qc7
9.O-O-O Ngf6 10.g4 h5 11.g5 Nh7 12.h4 O-O 13.f4 exf4 14.Nxf4 b5 15.Nce2 Nb6
16.Qa5 Bg4 17.Bg2 Qe7 18.b3 Nd5 19.exd5 Qxe3+ 20.Qd2 Qxd2+ 21.Rxd2 c5 22.dxc5 dxc5
23.d6 Rad8 24.Bc6 Bd7 25.Nd5 Bxc6 26.Ne7+ Kh8 27.Nxc6 Rd7 28.Rf1 Re8 29.Ne7 Bf8
30.Rxf7 Bxe7 31.Rxe7 Rdxe7 32.dxe7 Rxe7 33.Nf4 Kg7 34.Rd5 Nf8 35.Rxc5 Rf7
36.Nd5 a6 37.Rc6 Nd7 38.Rxa6 Ne5 39.a4 bxa4 40.Rxa4 Rf1+ 41.Kb2 Kf7 42.Nf4 Rh1
43.Ra7+ Kg8 44.Ra6 Kh7 45.Re6 Rxh4 46.Nxh5 Nf3 47.Nf6+ Kg7 48.Ne8+ Kh7 49.Re4 Rh2
50.b4 Nxg5 51.Re7+ Kh6 52.b5 Rh4 53.Nd6 Rb4+ 54.Ka3 Rb1 55.c4 Nf3 56.Ka2 Rb4
57.Re4 Nd2 58.Rh4+ Kg5 59.Rd4 Nf3 60.Rd5+ Kf6 61.Ka3 Rb1 62.Ne4+ Ke6 63.Ng5+ Nxg5
64.Rxg5 Kf6 65.Rg2 g5 66.Ka4 Ke5 67.Rxg5+ Kd4 68.Ka5 Kxc4 69.Ka6 Ra1+ 70.Kb7 Kd4
71.b6 Rb1 72.Ra5  1-0

[Event "Balkaniad-Boys"]
[Site "?"]
[Date "1993.??.??"]
[Round "6"]
[White "Cozianu, Costin"]
[Black "Chatalbashev, Boris"]
[Result "1-0"]
[WhiteElo "2295"]
[BlackElo "2380"]

1.e4 g6 2.d4 Bg7 3.Nc3 d6 4.Nf3 Nf6 5.g3 O-O 6.Bg2 Nbd7 7.O-O c6 8.a4 e5
9.Re1 Qc7 10.h3 b6 11.Be3 Bb7 12.Qd2 Rfe8 13.Bh6 Bh8 14.Rad1 Rad8 15.Bg5 a6
16.d5 cxd5 17.exd5 Rc8 18.Nh2 b5 19.axb5 axb5 20.Nxb5 Qb6 21.Bf1 Nc5 22.Bxf6 Bxf6
23.b4 Nd7 24.c4 Ba6 25.Nxd6 Qxd6 26.c5 Nxc5 27.bxc5 Rxc5 28.Bxa6 Qxa6 29.Ng4 Bg7
30.d6 Rd8 31.Qg5 Rxd6 32.Qe7 Rxd1 33.Qe8+ Bf8 34.Nh6+ Kg7 35.Qxf7+ Kxh6 36.Qxf8+ Kh5
37.Qf3+ Kh6 38.Rxd1 Rc8 39.Qe3+ Kg7 40.Rd7+ Kf6 41.Qf3+  1-0

[Event "Barbera op"]
[Site "Barbera"]
[Date "1993.??.??"]
[Round "2"]
[White "Mateu, Xavier"]
[Black "Roca, Alfredo"]
[Result "1-0"]
[WhiteElo "2285"]
[BlackElo "2385"]

1.e4 g6 2.d4 Bg7 3.Nc3 d6 4.Bg5 c6 5.Qd2 b5 6.f4 h6 7.Bh4 a5 8.Nf3 Nf6 9.e5 b4
10.exf6 bxc3 11.Qe3 cxb2 12.Rb1 Bf8 13.Rxb2 Be6 14.Bd3 Rg8 15.O-O exf6 16.d5 cxd5
17.Nd4 Qe7 18.Bb5+ Bd7 19.Qc3 Kd8 20.Re1 Be6 21.Nxe6+ fxe6 22.Bxf6  1-0

[Event "Barcelona UGA"]
[Site "Barcelona"]
[Date "1993.??.??"]
[Round "3"]
[White "Castro Rojas, Oscar Humberto"]
[Black "Rahal, Michael"]
[Result "1-0"]
[WhiteElo "2410"]
[BlackElo "2310"]

1.e4 d6 2.d4 g6 3.Nc3 Bg7 4.h4 Nf6 5.f3 c6 6.Be3 b5 7.Qd2 Nbd7 8.g4 h5 9.g5 Nh7
10.a4 b4 11.Nd1 a5 12.f4 c5 13.c3 bxc3 14.bxc3 cxd4 15.cxd4 d5 16.e5 Nb6
17.Nb2 e6 18.Bb5+ Bd7 19.Qd3 O-O 20.Rh2 Bxb5 21.Qxb5 Nc4 22.Nxc4 dxc4 23.Rc2 Qd5
24.Qxd5 exd5 25.Rb1 Rfb8 26.Rcb2 Rxb2 27.Rxb2 c3 28.Rb5 Bf8 29.Kd1 Bb4 30.Kc2 Rd8
31.Ne2 Nf8 32.f5 gxf5 33.Nf4 Ng6 34.Nxh5 Nxe5 35.dxe5 d4 36.Bxd4 Rxd4 37.Rb8+ Bf8
38.Nf6+ Kg7 39.h5  1-0

[Event "Barcelona UGA"]
[Site "Barcelona"]
[Date "1993.??.??"]
[Round "5"]
[White "De la Riva Aguado, Oscar"]
[Black "Rahal, Michael"]
[Result "1/2-1/2"]
[WhiteElo "2400"]
[BlackElo "2310"]

1.e4 d6 2.d4 g6 3.Nc3 Bg7 4.Nge2 Nf6 5.g3 O-O 6.Bg2 e5 7.h3 Nbd7 8.Be3 b6
9.O-O Bb7 10.g4 exd4 11.Bxd4 Re8 12.Ng3 Nc5 13.g5 Nfd7 14.Bxg7 Kxg7 15.f4 f6
16.h4 fxg5 17.hxg5 Qe7 18.Qd2 Kh8 19.b4 Ne6 20.Nd5 Bxd5 21.exd5 Ng7 22.Rae1 Qf7
23.Re6 Nf8 24.f5 gxf5 25.Rf6 Qe7 26.Nxf5 Nxf5 27.R6xf5 Ng6 28.Rf7 Qe5 29.Rxc7 Re7
30.Rxe7 Qxe7 31.Rf6 Rf8 32.Re6 Qg7 33.Qe3 Qa1+ 34.Kh2 Ne5 35.Kg3 Rc8 36.Qf4 Kg8
37.Rxd6 Qc3+ 38.Kh2 Ng6 39.Qe4 Rf8 40.Re6 Qd2 41.Qe3 Qxc2 42.Rf6 Rxf6 43.gxf6 Qc7+
44.Kg1 Qe5 45.Qxe5  1/2-1/2

[Event "Oberliga Bayern9394"]
[Site "Bayern"]
[Date "1993.??.??"]
[Round "?"]
[White "Kunze, Markus"]
[Black "Speckner, Roland"]
[Result "0-1"]
[WhiteElo "2310"]
[BlackElo "2260"]

1.e4 d6 2.d4 g6 3.Nc3 Bg7 4.Bc4 Nc6 5.Nge2 Nf6 6.f3 O-O 7.Bg5 a6 8.Bb3 h6
9.Be3 e5 10.Qd2 exd4 11.Nxd4 Ne5 12.a4 c5 13.Nde2 Be6 14.O-O Bxb3 15.cxb3 Qb6
16.Bxh6 Qxb3 17.Bxg7 Kxg7 18.Qxd6 Nc4 19.Qg3 Rad8 20.e5 Nd5 21.f4 Nxc3 22.bxc3 Qc2
23.Rfe1 Rd2 24.Qf3 Rfd8 25.Rac1 Qd3 26.Qxd3 R8xd3 27.Ng3 Ra2 28.Ne4 Ne3 29.Nf2 Rdd2
30.Rxe3 Rxf2 31.Rg3 Rxf4 32.Rf3 Rxf3 33.gxf3 Rxa4 34.Kf2 g5 35.Rd1 Kg6 36.Rd7 b5
37.Rc7 Rc4 38.Ra7 Rxc3 39.Rxa6+ Kf5 40.Rf6+ Kxe5 41.Rxf7 b4  0-1

[Event "JUG-chT2"]
[Site "Becici"]
[Date "1993.??.??"]
[Round "?"]
[White "Doljanin, Tomislav"]
[Black "Janov, Viktor"]
[Result "1-0"]
[WhiteElo "2235"]
[BlackElo "2280"]

1.d4 g6 2.e4 Bg7 3.Nc3 d6 4.Be3 c6 5.Qd2 b5 6.f3 Nd7 7.h4 h5 8.Nh3 Nb6 9.Nf2 Nf6
10.Be2 Qc7 11.O-O a6 12.a4 Bb7 13.a5 Nbd7 14.Ncd1 c5 15.d5 Ne5 16.Nh3 Bc8
17.Ndf2 Bd7 18.c3 Nc4 19.Bxc4 bxc4 20.Ra2 Rb8 21.Rfa1 Bb5 22.Ng5 O-O 23.Ngh3 Rfe8
24.Bh6 Bh8 25.Rd1 Bd7 26.Ng5 Rb7 27.Rda1 Reb8 28.Nd1 Nh7 29.Ne3 Nxg5 30.Bxg5 Bb5
31.g4 hxg4 32.Nxg4 Qc8 33.Qg2 Kf8 34.h5 gxh5 35.Qh2 Bg7 36.Qxh5 Be8 37.Bh6 Rxb2
38.Qg5 Bxh6 39.Qxh6+ Kg8 40.Rxb2 Rxb2 41.Nf6+ exf6 42.Kh1  1-0

[Event "Berliner Sommer"]
[Site "Berlin"]
[Date "1993.??.??"]
[Round "?"]
[White "Rubene, Ilze"]
[Black "Shchekachev, Andrei"]
[Result "0-1"]
[WhiteElo "2220"]
[BlackElo "2465"]

1.d4 g6 2.e4 d6 3.Nc3 Bg7 4.g3 Nf6 5.Bg2 O-O 6.h3 e5 7.Nge2 Nc6 8.Be3 exd4
9.Nxd4 Bd7 10.O-O Re8 11.Kh2 Qc8 12.Re1 Re5 13.Nxc6 bxc6 14.g4 Rb8 15.Bxa7 Rxb2
16.Bd4 Rb4 17.Ne2 Re8 18.c3 Rb5 19.a4 Ra5 20.Ng3 c5 21.Be3 h6 22.Qd2 Kh7
23.f4 Rxa4 24.Rxa4 Bxa4 25.g5 hxg5 26.fxg5 Nd7 27.Qa2 Bb5 28.Qxf7 Ne5 29.Qf4 Rf8
30.Qh4+ Kg8 31.Ne2 Bxe2 32.Rxe2 Qa6 33.Qe1 Nd3 34.Qb1 Qc4 35.Rd2 Ne5 36.Ra2 Qxc3  0-1

[Event "Berliner Sommer"]
[Site "Berlin"]
[Date "1993.??.??"]
[Round "?"]
[White "Gofshtein, Leonid D"]
[Black "Hoi, Carsten"]
[Result "1-0"]
[WhiteElo "2540"]
[BlackElo "2400"]

1.e4 g6 2.d4 Bg7 3.Nc3 d6 4.Bg5 c6 5.Qd2 b5 6.f4 Nf6 7.Bd3 b4 8.Nce2 Qb6
9.Nf3 d5 10.e5 Ne4 11.Qe3 Na6 12.Bh4 Nc7 13.O-O Bf5 14.a3 b3 15.c4 Ne6 16.Rfc1 f6
17.h3 h5 18.exf6 exf6 19.Nc3 Bh6 20.Nxe4 dxe4 21.Bxe4 Bxf4 22.Qe1 Kf7 23.Bxf5 gxf5
24.Rd1 Rae8 25.Qc3 Rhg8 26.Qd3 Rg6 27.Qxf5 c5 28.Bf2 cxd4 29.Qxh5 Rg8 30.Nh4 Bb8
31.Nxg6 Rxg6 32.Re1 Kg7 33.Kf1 Rh6 34.Qf3 Be5 35.h4 Rg6 36.Re4 Qc6 37.Rc1 Nc5
38.Rg4 Qe6 39.Rxg6+ Kxg6 40.Qd5 Qxd5 41.cxd5 Na4 42.d6 Kf7 43.Bxd4 Nxb2 44.Bxe5 fxe5
45.Rc3  1-0

[Event "Berlin"]
[Site "Berlin"]
[Date "1993.??.??"]
[Round "3"]
[White "Behnk, Rolf"]
[Black "Impris, Oleg"]
[Result "1-0"]
[WhiteElo "2320"]
[BlackElo "2345"]

1.e4 g6 2.d4 d6 3.Nc3 Bg7 4.Be3 Nf6 5.f3 c6 6.Qd2 h5 7.h3 b5 8.Bd3 a6 9.f4 Nfd7
10.e5 Nb6 11.b3 Nd5 12.Nxd5 cxd5 13.a4 bxa4 14.Rxa4 Bd7 15.Ra3 Qb6 16.Nf3 Nc6
17.c3 Nd8 18.O-O Nb7 19.Ng5 e6 20.Qc2 Bh6 21.Rf3 Ke7 22.c4 Qb4 23.Ra1 Rhc8
24.Bd2 Qb6 25.exd6+ Qxd6 26.c5 Qc6 27.Bxg6 Bg7 28.Be3 Nxc5 29.Nxf7 Ne4 30.Qa2 Be8
31.Qa3+ Nd6 32.Ne5 Bxe5 33.Bxe8 Kxe8 34.fxe5 Nf5 35.g4 hxg4 36.hxg4 Qc2 37.gxf5 Rc7
38.Rg3 Rh7 39.Qa4+ Kf8 40.Qb4+ Ke8 41.Rg2 Qe4 42.Re1 Rd8 43.fxe6  1-0

[Event "Berliner Sommer"]
[Site "Berlin"]
[Date "1993.??.??"]
[Round "8"]
[White "Von Hartlieb, Justus"]
[Black "Haub, Thorsten Michael"]
[Result "1/2-1/2"]
[WhiteElo "2245"]
[BlackElo "2310"]

1.e4 g6 2.d4 Bg7 3.Nc3 d6 4.Be3 Nd7 5.Qd2 a6 6.h4 h5 7.f3 c6 8.O-O-O b5 9.Nh3 Nb6
10.Nf4 Qc7 11.Bd3 e5 12.dxe5 Bxe5 13.Nxg6 fxg6 14.f4 Bg7 15.e5 Bf5 16.exd6 Qb7
17.Bxb6 Qxb6 18.Rhe1+ Kd7 19.Bxf5+ gxf5 20.Re7+ Nxe7 21.dxe7+ Kxe7 22.Qd7+ Kf8
23.Qxf5+ Kg8 24.Qe6+ Kh7 25.Qf5+ Kg8 26.Qe6+ Kh7  1/2-1/2

[Event "Berlin"]
[Site "Berlin"]
[Date "1993.??.??"]
[Round "10"]
[White "Fedorov, Vladislav"]
[Black "Impris, Oleg"]
[Result "1/2-1/2"]
[WhiteElo "2440"]
[BlackElo "2345"]

1.e4 g6 2.d4 d6 3.Nc3 Bg7 4.Be3 Nf6 5.Qd2 c6 6.Bh6 Bxh6 7.Qxh6 Qb6 8.O-O-O Bg4
9.f3 Be6 10.Nh3 Qa5 11.a3 Qh5 12.Qxh5 Nxh5 13.g4 Ng7 14.Nf2 h5 15.g5 Bd7
16.d5 Bc8 17.f4 Nd7 18.Bg2 Nb6 19.e5 cxd5 20.exd6 e6 21.Bh3 O-O 22.a4 Ne8
23.a5  1/2-1/2

[Event "Biel op"]
[Site "Biel"]
[Date "1993.??.??"]
[Round "6"]
[White "Womacka, Mathias"]
[Black "Tkachiev, Vladislav"]
[Result "1/2-1/2"]
[WhiteElo "2425"]
[BlackElo "2455"]

1.e4 g6 2.d4 Bg7 3.Nc3 d6 4.Be3 c6 5.a4 Nf6 6.h3 O-O 7.Nf3 Qc7 8.a5 Nbd7
9.Be2 Re8 10.O-O e5 11.dxe5 Nxe5 12.Bf4 Nfd7 13.Nd2 b5 14.axb6 Nxb6 15.Na4 Be6
16.Bh2 Red8 17.Qe1 Bh6 18.f4 Nec4 19.Nxc4 Bxc4 20.Bxc4 Nxc4 21.b3 Nb6 22.Qf2 Re8
23.Nxb6 Qxb6 24.Qxb6 axb6 25.Rxa8 Rxa8 26.Rd1 Bf8 27.Kf2 Ra2 28.Rd2 f5 29.exf5 gxf5
30.Kf3 Kf7  1/2-1/2

[Event "Biel op"]
[Site "Biel"]
[Date "1993.??.??"]
[Round "9"]
[White "Har Zvi, Ronen"]
[Black "Hickl, Joerg"]
[Result "1-0"]
[WhiteElo "2505"]
[BlackElo "2570"]

1.e4 g6 2.d4 d6 3.Nc3 Bg7 4.Be3 c6 5.f4 Qb6 6.a3 d5 7.e5 h5 8.Bd3 Nh6 9.Nf3 Bf5
10.O-O e6 11.Na4 Qc7 12.b3 Nd7 13.c4 O-O 14.h3 dxc4 15.bxc4 a6 16.c5 b6 17.d5 cxd5
18.cxb6 Qb7 19.Nd4 Rfc8 20.Bxf5 Nxf5 21.Nxf5 gxf5 22.Rc1 Rxc1 23.Qxc1 Rc8
24.Qb2 Rc4 25.Rc1 Bf8 26.Rxc4 dxc4 27.Kh1 Kg7 28.Bg1 Be7 29.Nc3 a5 30.Qb5 Bd8
31.Na4 Qd5 32.Qxd5 exd5 33.b7 Be7 34.Nb6 Nb8 35.Nxd5 Bxa3 36.Ba7 Nc6 37.b8=Q Nxb8
38.Bxb8 Bc1 39.Bd6 a4 40.Nc3 a3 41.Na2 Bxf4 42.Bxa3 Bxe5 43.Bb4 Kg6 44.Kg1 Kg5
45.Kf2 Bd4+ 46.Kf3 h4 47.Bc3  1-0

[Event "Bischwiller op"]
[Site "Bischwiller"]
[Date "1993.??.??"]
[Round "?"]
[White "Isepy, Tamas"]
[Black "Hoffman, Re"]
[Result "1/2-1/2"]
[WhiteElo "2245"]
[BlackElo "2015"]

1.e4 g6 2.d4 Bg7 3.Nc3 d6 4.Be2 Nf6 5.h4 c5 6.dxc5 Qa5 7.Qd3 Qxc5 8.Be3 Qa5
9.Qb5+ Qxb5 10.Nxb5 Na6 11.f3 b6 12.c3 O-O 13.Nh3 Bb7 14.Nf4 Rfc8 15.O-O Nc5
16.a4 a6 17.Na3 Nxa4 18.Nc4 b5 19.Rxa4 bxa4 20.Nb6 Rab8 21.Nxc8 Bxc8 22.Nd3 Bd7
23.Ra1 Bb5 24.Bc1 Nd7 25.Kf2 h5 26.Nb4 Nc5 27.Ra2 Rb7 28.Be3 Bxe2  1/2-1/2

[Event "Bled op"]
[Site "Bled"]
[Date "1993.??.??"]
[Round "?"]
[White "Riegler, Primoz"]
[Black "Kljako, Damir"]
[Result "1/2-1/2"]
[WhiteElo "2235"]
[BlackElo "2305"]

1.e4 d6 2.d4 g6 3.Nc3 Bg7 4.f4 Nc6 5.Be3 a6 6.Nf3 Bg4 7.Be2 e5 8.fxe5 dxe5
9.d5 Bxf3 10.Bxf3 Nd4 11.O-O Ne7 12.Na4 O-O 13.c3 Nxf3+ 14.gxf3 Nc8 15.c4 b5
16.cxb5 axb5 17.Nc5 Nd6 18.b3 Ra5 19.Qc2 Qe7 20.a4 bxa4 21.bxa4 Rfa8 22.Rab1 Bf6
23.Rb3 Bg5 24.Bf2 Bh4 25.Be3 Bg5  1/2-1/2